000 02521pam a22003731i 4500
001 991017447159707026
003 UkOxU
005 20250908081012.0
006 m || d |
007 cr |||||||||||
008 221122s2023 njua ob 001|0|eng|d
015 _aGBC2L5303
_2bnb
020 _a9780137687114
035 _a023269690-44oxf_inst
035 _a(UkOxU)023269690
035 _a(Uk)020824487
037 _a9781292449968
_bPearson UK
040 _aStDuBDS
_beng
_erda
_epn
_cStDuBDS
_dUk
041 _aEnglish
042 _aukblsr
100 _aRobbins, Stephen P.
_d1943-
_eauthor.
_1https://isni.org/isni/0000000121388460
245 1 0 _aOrganizational behavior.
250 _aNineteenth edition
_b/ Stephen P. Robbins, Timothy A. Judge.
264 1 _aUpper Saddle River :
_bPearson,
_c2023.
300 _a1 online resource :
_billustrations (black and white, and colour).
500 _aAcademic
504 _aIncludes bibliographical references and index.
505 0 _aPART 1: INTRODUCTION — What Is Organizational Behavior? — PART 2: THE INDIVIDUAL — Diversity, Equity, and Inclusion in Organizations — Job Attitudes — Emotions and Moods — Personality and Individual Differences — Perception and Individual Decision Making — Motivation Concepts — Motivation: From Concepts to Applications — PART 3: THE GROUP — Foundations of Group Behavior — Understanding Work Teams — Communication — Leadership — Power and Politics — Conflict and Negotiation — Foundations of Organization Structure — PART 4: THE ORGANIZATION SYSTEM — Organizational Culture and Change — Human Resources Systems and Practices — Stress and Health in Organizations — Comprehensive Cases.
520 _aOrganizational Behavior provides the information you want, when you want it. Reflecting the most recent research and events within the field of OB, the 19th Edition continues its hallmark focus on clear writing, cutting-edge content, and intuitive pedagogy. There's a reason why Robbins's textbooks have educated millions of students and have been translated into 20 languages: because of a commitment to provide engaging, cutting-edge material that helps you understand and connect with this important field of study.
650 0 _aOrganizational behavior
_92566
700 _aJudge, Timothy A
_eauthor.
_1https://isni.org/isni/0000000063141215
_920548
856 _uhttps://bibliotheque.tbs-education.fr/Default/doc/SYRACUSE/3386425/organizational-behavior
942 _2lcc
999 _c4915
_d4915